عرض عادي
عرض مارك
- العقود الإدارية
مدخل مصطلح موضوعي
001 - رقم الضبط
- حقل الضبط: 59198
003 - معرف رقم الضبط
- حقل الضبط: OSt
005 - تاريخ ووقت أخر عملية
- حقل الضبط: 20170907111904.0
008 - عناصر بيانات ثابتة الطول
- حقل تحكم ثابت الطول: 170907|| aca||aabn | a|a d
040 ## - مصدر الفهرسة
- هيئة الفهرسة الأصلية: OSt
- وكالة الكتابة: OSt
150 ## - مدخل-- مصطلح تاريخي
- عنصر مدخل المصطلح الموضوعي او الاسم الجغرافي: العقود الإدارية
- تفريع عام: قوانين وتشريعات
- تفريع جغرافي: فرنسا
670 ## - بيانات المصدر موجوده
- الاستشهاد بالمصدر: Work cat.: (OSt): عبد الله، حيدر مدلول بدر 59195, الرقابة القضائية على التحكيم في المنازعات المتعلقة بالعقود الإدارية:, 2017.
